|
|
|
|
| LEADER |
01139nam a2200313Ia 4500 |
| 001 |
9780203164983 |
| 003 |
FlBoTFG |
| 005 |
20091230162919.0 |
| 006 |
a|||||s||||||||||| |
| 007 |
cr|||| |
| 008 |
971021s1996 enka sb 001 0 eng d |
| 020 |
|
|
|a 9780203164983 (e-book : PDF)
|
| 040 |
|
|
|a FlBoTFG
|c FlBoTFG
|d GrThAP
|
| 090 |
|
|
|a CC77.5
|b .C54 1996
|
| 092 |
|
|
|a 930.1028
|b C592
|
| 100 |
1 |
|
|a Clark, Anthony
|q (Anthony J.)
|
| 245 |
1 |
0 |
|a Seeing beneath the soil
|h [electronic resource] :
|b prospecting methods in archaeology /
|c Anthony Clark.
|
| 250 |
|
|
|a Rev. pbk. ed.
|
| 260 |
|
|
|a London :
|b B.T. Batsford,
|c 1996.
|
| 300 |
|
|
|a 192 p. :
|b ill.
|
| 504 |
|
|
|a Includes bibliographical references (p. 165-168, 186-187) and index.
|
| 530 |
|
|
|a Also available in print edition.
|b CRC Press (http://www.crcpress.com)
|
| 538 |
|
|
|a Mode of access: World Wide Web.
|
| 650 |
|
0 |
|a Geophysics in archaeology.
|
| 650 |
|
0 |
|a Archaeological chemistry.
|
| 650 |
|
0 |
|a Prospecting
|x Geophysical methods.
|
| 655 |
|
7 |
|a Electronic books.
|2 lcsh
|
| 776 |
1 |
|
|z 9780415214407
|
| 856 |
4 |
0 |
|u http://www.tandfebooks.com/isbn/9780203164983
|z Full Text via HEAL-Link
|